[Event "XII Open"]
[Site "Condino ITA"]
[Date "2012.07.28"]
[Round "7"]
[White "Barucco, Mattia"]
[Black "Caldara, Sisto"]
[WhiteElo "2000"]
[BlackElo "1780"]
[Result "1-0"]
[PlyCount "98"]
[EventDate "2012.07.22"]

1. e4 c5 2. Nc3 e6 3. g3 a6 4. Bg2 Qc7 5. d3 Nc6 6. f4 Be7 7. Nf3 h5 8. Be3 b5
9. h4 Bb7 10. Qd2 Nf6 11. Rf1 d5 12. e5 Ng4 13. Bg1 b4 14. Na4 Qa5 15. b3 Rd8
16. Qe2 Na7 17. f5 Bc6 18. fxe6 f6 19. Nb2 Nb5 20. Nd1 O-O 21. Bh3 Nxe5 22.
Nxe5 fxe5 23. Rxf8+ Rxf8 24. Qxh5 Be8 25. Qg4 Rf6 26. Bf2 Qc7 27. Ne3 Nc3 28.
h5 Kh7 29. Nf5 Bd6 30. Qg5 Rxe6 31. Nxg7 Qe7 32. Nxe6 Qxg5 33. Nxg5+ Kh6 34.
Ne6 Bd7 35. Be3+ Kxh5 36. Ng7+ Kg6 37. Bxd7 Kxg7 38. a3 e4 39. axb4 Bxg3+ 40.
Kd2 d4 41. Rg1 dxe3+ 42. Kxc3 Kf6 43. Rxg3 Ke5 44. Rxe3 cxb4+ 45. Kxb4 Kd4 46.
Rxe4+ Kd5 47. c4+ Kd6 48. Rd4+ Kc7 49. Kc5 a5 1-0

[Event "XII Open"]
[Site "Condino ITA"]
[Date "2012.07.28"]
[Round "7"]
[White "Benso, Alberto"]
[Black "Licandro, Michele"]
[WhiteElo "1410"]
[BlackElo "1577"]
[Result "0-1"]
[PlyCount "72"]
[EventDate "2012.07.22"]

1. e4 c5 2. Nf3 d6 3. d4 cxd4 4. Nxd4 Nc6 5. Nc3 Nf6 6. Bc4 g6 7. O-O Bg7 8.
Be3 O-O 9. Qd2 Ng4 10. Nce2 Nxe3 11. Qxe3 Qb6 12. Rfd1 Ne5 13. Bb3 Qc5 14. Qc3
Qb6 15. Nf4 Bg4 16. f3 Rac8 17. Qe3 Bd7 18. Nd5 Qd8 19. Nc3 Nc4 20. Bxc4 Rxc4
21. Nce2 Qb6 22. b3 Rc7 23. c3 Rfc8 24. c4 a6 25. Rab1 Qa5 26. Kf1 b5 27. cxb5
Bxb5 28. Nxb5 Qxb5 29. Qd3 Qa5 30. Qd5 Rc5 31. Qd3 Qxa2 32. Rd2 Rc2 33. Rxc2
Qxb1+ 34. Kf2 Qxc2 35. Qxa6 Bd4+ 36. Kf1 Qd1# 0-1

[Event "XII Open"]
[Site "Condino ITA"]
[Date "2012.07.28"]
[Round "7"]
[White "Bondoni, Bernardino"]
[Black "Pieri, Enzo"]
[WhiteElo "1584"]
[BlackElo "1750"]
[Result "1-0"]
[PlyCount "51"]
[EventDate "2012.07.22"]

1. f4 d5 2. Nf3 Nf6 3. d3 Nc6 4. e3 g6 5. Be2 Bg7 6. O-O O-O 7. Bd2 Re8 8. d4
a6 9. Nc3 Bg4 10. Ne5 Bxe2 11. Qxe2 Nxe5 12. fxe5 Ne4 13. Nxe4 dxe4 14. c4 e6
15. Qg4 Bxe5 16. Qxe4 Bg7 17. Bc3 c6 18. Rf2 Rc8 19. Raf1 f5 20. Qc2 c5 21. Rd2
cxd4 22. Bxd4 Qg5 23. Qc3 e5 24. Bb6 Rc6 25. c5 Qxe3+ 26. Qxe3 1-0

[Event "XII Open"]
[Site "Condino ITA"]
[Date "2012.07.28"]
[Round "7"]
[White "Bortolotti, Silvano"]
[Black "Simoni, Giulio"]
[WhiteElo "1772"]
[BlackElo "1680"]
[Result "1-0"]
[PlyCount "37"]
[EventDate "2012.07.22"]

1. e4 c5 2. Nc3 Nc6 3. f4 g6 4. Nf3 Bg7 5. Bb5 a6 6. Bxc6 bxc6 7. d3 d6 8. O-O
e6 9. Qe1 d5 10. Kh1 Nf6 11. f5 gxf5 12. exf5 O-O 13. fxe6 fxe6 14. Qh4 Ra7 15.
Bg5 Qe8 16. Rad1 Bd7 17. Na4 Qe7 18. Ne5 Be8 19. Ng4 1-0

[Event "XII Open"]
[Site "Condino ITA"]
[Date "2012.07.28"]
[Round "7"]
[White "Brun, Dario"]
[Black "Simoncini, Francesco"]
[WhiteElo "2262"]
[BlackElo "1839"]
[Result "1-0"]
[PlyCount "65"]
[EventDate "2012.07.22"]

1. d4 d6 2. Nf3 Nd7 3. c4 e5 4. Nc3 g6 5. e4 Bg7 6. Be2 f5 7. exf5 Ngf6 8. Ng5
exd4 9. Ne6 Qe7 10. Nb5 Nc5 11. Nbxc7+ Kf7 12. Nxa8 d3 13. Bxd3 gxf5 14. Nac7
Bxe6 15. Nxe6 Qxe6+ 16. Be2 Re8 17. Be3 f4 18. Bxf4 Qf5 19. Be3 Rxe3 20. fxe3
Nce4 21. Bf3 Bh6 22. O-O Bxe3+ 23. Kh1 Nf2+ 24. Rxf2 Bxf2 25. Qxd6 Bb6 26. Rf1
Kg7 27. Qe7+ Kh6 28. Qf8+ Kg5 29. h4+ Kxh4 30. Qh6+ Nh5 31. Qxh5+ Qxh5 32. Bxh5
Kxh5 33. Rf7 1-0

[Event "XII Open"]
[Site "Condino ITA"]
[Date "2012.07.28"]
[Round "7"]
[White "Cambria, Gilberto"]
[Black "Petragnani, Alessandro"]
[WhiteElo "1697"]
[BlackElo "1963"]
[Result "0-1"]
[PlyCount "85"]
[EventDate "2012.07.22"]

1. Nf3 g6 2. g3 Bg7 3. Bg2 c5 4. O-O Nc6 5. d3 d6 6. Nbd2 Nf6 7. e4 O-O 8. c3
Rb8 9. Qc2 Nd7 10. a3 b5 11. Nb3 a5 12. Be3 Ba6 13. Rfe1 b4 14. axb4 cxb4 15.
c4 Bb7 16. Nfd4 Nxd4 17. Bxd4 Bxd4 18. Nxd4 Qb6 19. Nb3 Ra8 20. Nd2 e5 21. Nf3
Bc6 22. Qd2 Kg7 23. h4 Nf6 24. Rac1 Ng4 25. h5 f6 26. d4 Rad8 27. d5 Bd7 28.
Nh4 g5 29. h6+ Nxh6 30. Nf3 Nf7 31. Kh2 Bg4 32. Ng1 h5 33. Nh3 Rh8 34. f3 Bxh3
35. Bxh3 g4 36. Bg2 Ng5 37. f4 exf4 38. Qxf4 Qd4 39. c5 Qxb2 40. Kh1 h4 41.
cxd6 hxg3+ 42. Kg1 Nf3+ 43. Kf1 0-1

[Event "XII Open"]
[Site "Condino ITA"]
[Date "2012.07.28"]
[Round "7"]
[White "De Santis, Alessio"]
[Black "Garonzi, Martino"]
[WhiteElo "2349"]
[BlackElo "2025"]
[Result "1/2-1/2"]
[PlyCount "61"]
[EventDate "2012.07.22"]

1. d4 Nf6 2. c4 g6 3. Nc3 Bg7 4. e4 d6 5. Nf3 O-O 6. h3 e5 7. d5 Ne8 8. g4 a5
9. Rg1 Na6 10. Bd3 Nc5 11. Bc2 c6 12. Be3 cxd5 13. Nxd5 Bd7 14. a4 Rc8 15. b3
Bc6 16. Nd2 Nc7 17. Nxc7 Qxc7 18. Rc1 Qe7 19. Kf1 Rfd8 20. Rg3 Kh8 21. Qe1 Bf6
22. Rd1 Bh4 23. Rf3 Rf8 24. Bxc5 dxc5 25. Re3 Bg5 26. Re2 b6 27. Nb1 h5 28. Nc3
hxg4 29. hxg4 Bf4 30. f3 Kg7 31. Rg2 1/2-1/2

[Event "XII Open"]
[Site "Condino ITA"]
[Date "2012.07.28"]
[Round "7"]
[White "Girelli, Sergio"]
[Black "De Paoli, Emilio"]
[WhiteElo "1889"]
[BlackElo "1851"]
[Result "1-0"]
[PlyCount "57"]
[EventDate "2012.07.22"]

1. e4 e6 2. d4 c5 3. Nf3 d5 4. exd5 exd5 5. Bb5+ Bd7 6. Qe2+ Qe7 7. Qxe7+ Nxe7
8. Nc3 a6 9. Bxd7+ Nxd7 10. dxc5 Nxc5 11. O-O Rd8 12. Nd4 Ne6 13. Be3 Nc6 14.
Nce2 Be7 15. Rad1 O-O 16. Rfe1 g6 17. Nxe6 fxe6 18. Nf4 Rf6 19. Nd3 Rf5 20. Bb6
Rc8 21. Rxe6 Kf7 22. Ree1 Bd6 23. c3 Re8 24. Rxe8 Kxe8 25. h3 Nb8 26. Bc5 Kd7
27. Bxd6 Kxd6 28. g4 Rg5 29. f4 1-0

[Event "XII Open"]
[Site "Condino ITA"]
[Date "2012.07.28"]
[Round "7"]
[White "Innocenti, Luca"]
[Black "Buratti, Marco"]
[WhiteElo "2004"]
[BlackElo "1994"]
[Result "0-1"]
[PlyCount "96"]
[EventDate "2012.07.22"]

1. Nf3 Nc6 2. g3 e5 3. d3 Bc5 4. Bg2 d6 5. O-O Nge7 6. c4 O-O 7. Nc3 Bg4 8. h3
Bd7 9. e3 Ng6 10. d4 Bb6 11. Nd5 Nce7 12. Nxb6 axb6 13. Bd2 Qc8 14. Kh2 Rd8 15.
Bc3 b5 16. b3 bxc4 17. bxc4 d5 18. cxd5 Nxd5 19. Qd2 Bb5 20. Rfc1 e4 21. Ng5 f5
22. h4 h6 23. Nh3 Qe6 24. Qb2 Bc6 25. Bf1 Ra4 26. a3 Qd6 27. h5 Nge7 28. Qb3
Kh7 29. Bb2 Rda8 30. Rc4 Nf6 31. Nf4 b6 32. Rcc1 Ned5 33. Nxd5 Bxd5 34. Qd1
Ng4+ 35. Kg2 Bf7 36. Qc2 R4a7 37. Qc6 Qe7 38. Be2 Bxh5 39. Rh1 Nxe3+ 40. fxe3
Bxe2 41. Kf2 Bf3 42. Rhc1 Qf7 43. Qc4 Qh5 44. Ke1 Qh2 45. Rc2 Qxg3+ 46. Kf1 b5
47. Qxb5 Ra6 48. Qxf5+ Rg6 0-1

[Event "XII Open"]
[Site "Condino ITA"]
[Date "2012.07.28"]
[Round "7"]
[White "Lezzerini, Marco"]
[Black "Forno, Roberto"]
[WhiteElo "1948"]
[BlackElo "1883"]
[Result "1-0"]
[PlyCount "55"]
[EventDate "2012.07.22"]

1. c4 g6 2. g3 Bg7 3. Bg2 Nc6 4. Nc3 e5 5. e4 d6 6. Nge2 Nge7 7. O-O Be6 8. Nd5
Qd7 9. d3 O-O-O 10. b4 f6 11. Be3 Bh3 12. b5 Bxg2 13. bxc6 Nxc6 14. Kxg2 h5 15.
Qa4 h4 16. Rh1 f5 17. Bxa7 f4 18. f3 fxg3 19. h3 Rdf8 20. Rhf1 g5 21. Bb6 Rxf3
22. Rxf3 g4 23. Rf5 gxh3+ 24. Kxh3 Qe6 25. Qa8+ Kd7 26. Qxb7 Rc8 27. Nxc7 Qg8
28. Ne8+ 1-0

[Event "XII Open"]
[Site "Condino ITA"]
[Date "2012.07.28"]
[Round "7"]
[White "Panjkovic, Aleksandar"]
[Black "Popa, Claudiu"]
[WhiteElo "2163"]
[BlackElo "2146"]
[Result "0-1"]
[PlyCount "60"]
[EventDate "2012.07.22"]

1. e4 e5 2. Nf3 Nc6 3. d4 exd4 4. Nxd4 Nf6 5. Nxc6 bxc6 6. e5 Qe7 7. Qe2 Nd5 8.
c4 Nb6 9. b3 Qh4 10. a3 Bc5 11. Nc3 Bd4 12. Bd2 O-O 13. g3 Qe7 14. f4 f6 15.
Qe4 fxe5 16. Bd3 g6 17. a4 d5 18. Qe2 e4 19. a5 Qg7 20. axb6 cxb6 21. Bc2 Bxc3
22. Ra4 Bxd2+ 23. Qxd2 d4 24. O-O e3 25. Qe2 c5 26. Be4 Bb7 27. Bxb7 Qxb7 28.
b4 Qe4 29. bxc5 d3 30. Qa2 bxc5 0-1

[Event "XII Open"]
[Site "Condino ITA"]
[Date "2012.07.28"]
[Round "7"]
[White "Pellicoro, Roberto"]
[Black "Menon, Michele"]
[WhiteElo "1530"]
[BlackElo "1747"]
[Result "0-1"]
[PlyCount "102"]
[EventDate "2012.07.22"]

1. e4 d6 2. Nf3 Nf6 3. Nc3 e5 4. Bc4 Be7 5. O-O O-O 6. d4 Nbd7 7. dxe5 dxe5 8.
Be3 c6 9. Qe2 Qc7 10. Rad1 b5 11. Bb3 a5 12. a3 a4 13. Ba2 b4 14. axb4 Bxb4 15.
Qc4 Bxc3 16. Qxc3 Nxe4 17. Qb4 Nef6 18. Bg5 c5 19. Qc3 Ne4 20. Qe3 Bb7 21. Qd3
Nxg5 22. Nxg5 Nf6 23. c3 h6 24. Nh3 e4 25. Qe3 a3 26. b4 cxb4 27. cxb4 Ng4 28.
Qf4 Qxf4 29. Nxf4 e3 30. f3 e2 31. Nxe2 Ne3 32. Rd7 Ba6 33. Re1 Nc2 34. Rc1
Nxb4 35. Nc3 Rac8 36. Ra7 Rc6 37. g4 Rfc8 38. Bxf7+ Kh8 39. Kg2 Rxc3 40. Rxc3
Rxc3 41. Re7 Rc8 42. Ra7 a2 43. Bxa2 Rc2+ 44. Kg3 Rxa2 45. Ra8+ Kh7 46. h4 Nc6
47. g5 hxg5 48. hxg5 Nd4 49. Kf4 Nxf3 50. Kg4 Ne5+ 51. Kf5 Ng6 0-1

[Event "XII Open"]
[Site "Condino ITA"]
[Date "2012.07.28"]
[Round "7"]
[White "Petragnani, Gian Giacomo"]
[Black "Beccaris, Gabriele"]
[WhiteElo "1733"]
[BlackElo "2042"]
[Result "0-1"]
[PlyCount "108"]
[EventDate "2012.07.22"]

1. c4 Nf6 2. g3 g6 3. Bg2 Bg7 4. Nc3 c6 5. e4 d6 6. Nge2 O-O 7. O-O Nbd7 8. Rb1
Nb6 9. d3 e6 10. b4 d5 11. e5 Ng4 12. c5 Nd7 13. d4 b6 14. Bd2 bxc5 15. bxc5
Rb8 16. Rxb8 Nxb8 17. Qc1 Na6 18. h3 Nxe5 19. dxe5 Bxe5 20. Bh6 Re8 21. Be3 Qa5
22. Bd4 Bxd4 23. Nxd4 Qxc5 24. Nce2 Qxc1 25. Rxc1 c5 26. Nc6 Bd7 27. Ne5 Bc8
28. Bf1 f6 29. Ng4 Kf7 30. Nc3 h5 31. Nh2 c4 32. Nb5 Ke7 33. Nxa7 Bd7 34. Bxc4
dxc4 35. Rxc4 Ra8 36. Nc6+ Kd6 37. Nb4 Bb5 38. Rd4+ Kc5 39. Nc2 Bc4 40. a3 Nc7
41. Nf3 Nb5 42. Rf4 Nxa3 43. Nxa3 Rxa3 44. Rxf6 Ra1+ 45. Kh2 Bd5 46. Ng1 Rf1
47. h4 e5 48. Rf8 Kc4 49. Rf6 Kd3 50. Rf8 Kc2 51. Rf6 Kd1 52. Rf8 Ke1 53. Nf3+
Bxf3 54. Rxf3 Rxf2+ 0-1

[Event "XII Open"]
[Site "Condino ITA"]
[Date "2012.07.28"]
[Round "7"]
[White "Schaberg, Wolfgang"]
[Black "Poletti, Fausto"]
[WhiteElo "1887"]
[BlackElo "1950"]
[Result "1/2-1/2"]
[PlyCount "21"]
[EventDate "2012.07.22"]

1. e4 c5 2. Nf3 e6 3. d4 cxd4 4. Nxd4 Nc6 5. c4 a6 6. Nc3 d6 7. Be3 Nf6 8. a3
Be7 9. Be2 Qc7 10. Qc2 O-O 11. O-O 1/2-1/2

[Event "XII Open"]
[Site "Condino ITA"]
[Date "2012.07.28"]
[Round "7"]
[White "Weinberg, Emanuele"]
[Black "Galas, Franco"]
[WhiteElo "1786"]
[BlackElo "1756"]
[Result "1-0"]
[PlyCount "73"]
[EventDate "2012.07.22"]

1. d4 Nf6 2. c4 d5 3. g3 c6 4. Bg2 g6 5. Nf3 Bg7 6. O-O O-O 7. Nc3 Re8 8. b3
Bf5 9. Bb2 Na6 10. Nh4 e6 11. Nxf5 exf5 12. e3 Nc7 13. cxd5 Ncxd5 14. Rc1 h5
15. h4 Qd6 16. Qf3 Bh6 17. Rfe1 Re7 18. Nb1 Qc7 19. Ba3 Re6 20. Nc3 Nxc3 21.
Rxc3 Nd5 22. Qxd5 Rd8 23. Qc4 b5 24. Qxb5 Rxd4 25. Rec1 Rd2 26. Rxc6 Rxc6 27.
Qxc6 Qe5 28. Qc3 Rd1+ 29. Kh2 Qxc3 30. Rxc3 Rd2 31. Kg1 Rxa2 32. Bc5 Bg7 33.
Bd4 Ra1+ 34. Bf1 Rb1 35. Kg2 f6 36. Rc7 a6 37. Bxa6 1-0